Anagrammi dei Calciatori - Quiz n°1 - Statistics

Statistiche generali
  • Questo quiz è stato fatto 65 volte
  • Il punteggio medio è 5 su 10
Statistiche sulle risposte
Anagramma Calciatore % Corretto
rdef Fred
83%
lpleè Pellè
83%
crice Cerci
81%
ssior Rossi
81%
ssncaoa Cassano
61%
jriidcuc Djuricic
57%
eorsids De Rossi
44%
nlbazozoi Bonazzoli
22%
ngatobe Boateng
19%
pwriishigtlplh Wright-Phillips
13%
Nessun quiz corrispondente trovato
Distribuzione punteggi
Percentuale di utenti per punteggio
Percentile per numero di risposta
I tuoi punteggi nel tempo
Non hai fatto questo quiz